Olympic Summer Medals Per Capita - Statistics

General Stats
  • This quiz has been taken 39 times
  • The average score is 13 of 20
Answer Stats
Per Capita (Medals) Country % Correct
55 170 (496) Australia
83%
17 845 (303) Finland
83%
36 224 (78) Jamaica
83%
63 079 (285) Netherlands
83%
21 352 (494) Sweden
83%
36 355 (153) Norway
80%
45 631 (117) New Zealand
77%
79 712 (848) Great Britain
74%
47 023 (191) Switzerland
74%
30 761 (194) Denmark
71%
19 520 (491) Hungary
66%
62 260 (306) Romania
57%
39 391 (409) East Germany
54%
38 764 (34) Estonia
51%
50 637 (219) Cuba
49%
27 204 (13) Bahamas
46%
33 938 (217) Bulgaria
46%
69 353 (19) Trinidad and Tobago
46%
56 289 (2) Grenada
31%
64 237 (1) Bermuda
17%
No matching quizzes found
Score Distribution
Percent of People with Each Score
Percentile by Number Answered
Your Score History
You have not taken this quiz